[Event "43. Open Ciutat de Badalona 2017 - B"]
[Site "Badalona ESP"]
[Date "2017.08.08"]
[Round "7.4"]
[White "Torralba Brosa, Marc"]
[Black "Nadal Fajardo, Ricard"]
[Result "0-1"]
[WhiteElo "1839"]
[BlackElo "1946"]
[PlyCount "100"]
[EventDate "2017.08.02"]
[EventType "swiss"]
[EventRounds "9"]
[EventCountry "ESP"]
[SourceTitle "Ajedrez en Madrid"]
[Source "lmi"]
[SourceDate "2017.08.02"]
[SourceVersion "1"]
[SourceVersionDate "2018.07.18"]
[SourceQuality "1"]

1. e4 c6 2. d4 d5 3. Nd2 dxe4 4. Nxe4 Bf5 5. Ng3 Bg6 6. h4 h6 7. Nf3 Nd7 8. h5
Bh7 9. Bd3 Bxd3 10. Qxd3 e6 11. Bd2 Ngf6 12. O-O-O Bd6 13. Kb1 Qc7 14. Ne4 Nxe4
15. Qxe4 Nf6 16. Qe2 O-O-O 17. g3 Nd7 18. c4 c5 19. Bc3 cxd4 20. Nxd4 a6 21.
Rc1 Kb8 22. Nb3 Be5 23. Bb4 Qc6 24. Rhd1 Bc7 25. c5 Nf6 26. Bc3 Rxd1 27. Rxd1
Rd8 28. Rxd8+ Bxd8 29. Be5+ Kc8 30. g4 Qg2 31. Nd2 Nxg4 32. Bxg7 Qh1+ 33. Kc2
Qxh5 34. Ne4 Qg6 35. Bd4 e5 36. Bc3 Nxf2 37. Qxf2 Qxe4+ 38. Kb3 f5 39. Qh2 Qd5+
40. Kc2 Bg5 41. Bxe5 Qxc5+ 42. Bc3 Qd5 43. Qh3 Kb8 44. Qh5 Qe4+ 45. Kb3 Qe6+
46. Kc2 f4 47. Qd1 Bf6 48. Bd2 Qf5+ 49. Kc1 Bd4 50. Qa4 Qe5 0-1

[Event "43. Open Ciutat de Badalona 2017 - B"]
[Site "Badalona ESP"]
[Date "2017.08.08"]
[Round "7.5"]
[White "Romeu Perulles, Jaume"]
[Black "Petit Montes, Marc"]
[Result "0-1"]
[WhiteElo "1873"]
[BlackElo "1948"]
[PlyCount "50"]
[EventDate "2017.08.02"]
[EventType "swiss"]
[EventRounds "9"]
[EventCountry "ESP"]
[SourceTitle "Ajedrez en Madrid"]
[Source "lmi"]
[SourceDate "2017.08.02"]
[SourceVersion "1"]
[SourceVersionDate "2018.07.18"]
[SourceQuality "1"]

1. Nc3 d5 2. e4 c6 3. d3 e5 4. f4 exf4 5. Bxf4 Bb4 6. Bd2 Ne7 7. a3 Bd6 8. exd5
Nxd5 9. Qe2+ Be6 10. Ne4 Be7 11. Nf3 Qb6 12. Neg5 Qxb2 13. Nxe6 Qxa1+ 14. Kf2
fxe6 15. Qxe6 Nd7 16. Bg5 Qxa3 17. c4 N5f6 18. g3 Qd6 19. Qe2 O-O 20. Bh3 Ne5
21. Nxe5 Ng4+ 22. Ke1 Nxe5 23. Bxe7 Qxe7 24. Kd1 Rae8 25. Re1 Qa3 0-1

[Event "43. Open Ciutat de Badalona 2017 - B"]
[Site "Badalona ESP"]
[Date "2017.08.08"]
[Round "7.6"]
[White "Comhaire, Cedric"]
[Black "Martin Villanova, Jordi"]
[Result "1/2-1/2"]
[WhiteElo "1830"]
[BlackElo "1901"]
[PlyCount "33"]
[EventDate "2017.08.02"]
[EventType "swiss"]
[EventRounds "9"]
[EventCountry "ESP"]
[SourceTitle "Ajedrez en Madrid"]
[Source "lmi"]
[SourceDate "2017.08.02"]
[SourceVersion "1"]
[SourceVersionDate "2018.07.18"]
[SourceQuality "1"]

1. e4 c5 2. Nc3 Nc6 3. f4 g6 4. Nf3 Bg7 5. Bc4 e6 6. O-O Nge7 7. d3 O-O 8. Qe1
d5 9. Bb3 a6 10. Qh4 b5 11. a3 Nd4 12. f5 exf5 13. Nxd5 Nxd5 14. Qxd8 Rxd8 15.
Bxd5 Ra7 16. Rb1 Be6 17. Bg5 1/2-1/2

[Event "43. Open Ciutat de Badalona 2017 - B"]
[Site "Badalona ESP"]
[Date "2017.08.08"]
[Round "7.7"]
[White "Martin Barcelo, Carles"]
[Black "Daimiel Bescos, Eleuterio"]
[Result "1/2-1/2"]
[WhiteElo "1818"]
[BlackElo "1910"]
[PlyCount "83"]
[EventDate "2017.08.02"]
[EventType "swiss"]
[EventRounds "9"]
[EventCountry "ESP"]
[SourceTitle "Ajedrez en Madrid"]
[Source "lmi"]
[SourceDate "2017.08.02"]
[SourceVersion "1"]
[SourceVersionDate "2018.07.18"]
[SourceQuality "1"]

1. e4 e5 2. Nf3 Nc6 3. Bb5 a6 4. Ba4 Nf6 5. d3 b5 6. Bb3 Be7 7. c3 O-O 8. O-O
Bb7 9. Re1 d6 10. Nbd2 Na5 11. Bc2 c5 12. Nf1 Nd7 13. Ng3 g6 14. Bh6 Re8 15. b3
Kh8 16. Qd2 Bf8 17. d4 cxd4 18. cxd4 Bxh6 19. Qxh6 Qe7 20. d5 Bc8 21. h4 Nf6
22. Ng5 Qf8 23. Qxf8+ Rxf8 24. Bd3 h6 25. Nf3 Bg4 26. Nh2 Bd7 27. Rec1 Rfc8 28.
b4 Nc4 29. Bxc4 Rxc4 30. Rxc4 bxc4 31. Rc1 Rc8 32. Rc3 Kg7 33. Nhf1 Bb5 34. Nd2
Nd7 35. a4 Bxa4 36. Rxc4 Nb6 37. Rxc8 Nxc8 38. f3 Kf6 39. Kf2 Ke7 40. Ke3 Nb6
41. Kd3 Bb5+ 42. Kc2 1/2-1/2

[Event "43. Open Ciutat de Badalona 2017 - B"]
[Site "Badalona ESP"]
[Date "2017.08.08"]
[Round "7.8"]
[White "Vives Cabau, Jordi"]
[Black "Peiron Lluch, Jose Daniel"]
[Result "0-1"]
[WhiteElo "1866"]
[BlackElo "1792"]
[PlyCount "58"]
[EventDate "2017.08.02"]
[EventType "swiss"]
[EventRounds "9"]
[EventCountry "ESP"]
[SourceTitle "Ajedrez en Madrid"]
[Source "lmi"]
[SourceDate "2017.08.02"]
[SourceVersion "1"]
[SourceVersionDate "2018.07.18"]
[SourceQuality "1"]

1. e4 d5 2. exd5 Nf6 3. Nc3 Nxd5 4. Qf3 Nb6 5. Bb5+ c6 6. Be2 N8d7 7. d4 Nf6 8.
Be3 e6 9. Nh3 Be7 10. O-O h6 11. Nf4 Nbd5 12. Nfxd5 exd5 13. h3 g5 14. Bd3 g4
15. hxg4 Bxg4 16. Qg3 Rg8 17. Rfe1 Nh5 18. Qh2 Bf3 19. g3 Qd6 20. Bf5 Qf6 21.
Qh3 Kf8 22. g4 Qxf5 23. Bxh6+ Ke8 24. Rxe7+ Kxe7 25. Re1+ Kd7 26. Kh2 Qxg4 27.
Qxg4+ Rxg4 28. Kh3 Nf4+ 29. Bxf4 Rxf4 0-1

[Event "43. Open Ciutat de Badalona 2017 - B"]
[Site "Badalona ESP"]
[Date "2017.08.08"]
[Round "7.9"]
[White "Garcia Sanchez, Aitor"]
[Black "Ferres Saez, Joan"]
[Result "1/2-1/2"]
[WhiteElo "1863"]
[BlackElo "1773"]
[PlyCount "44"]
[EventDate "2017.08.02"]
[EventType "swiss"]
[EventRounds "9"]
[EventCountry "ESP"]
[SourceTitle "Ajedrez en Madrid"]
[Source "lmi"]
[SourceDate "2017.08.02"]
[SourceVersion "1"]
[SourceVersionDate "2018.07.18"]
[SourceQuality "1"]

1. e4 c5 2. Ne2 g6 3. g3 Bg7 4. Bg2 Nc6 5. O-O Nf6 6. Nbc3 O-O 7. d3 d6 8. Bd2
Bd7 9. Qc1 Nd4 10. Nxd4 cxd4 11. Ne2 Qb6 12. b3 Rac8 13. a4 a5 14. Ra2 Ng4 15.
h3 Ne5 16. f4 Nc6 17. Qe1 Nb4 18. Bxb4 Qxb4 19. Qxb4 axb4 20. e5 dxe5 21. Bxb7
Bxh3 22. Bxc8 Bxf1 1/2-1/2

[Event "43. Open Ciutat de Badalona 2017 - B"]
[Site "Badalona ESP"]
[Date "2017.08.08"]
[Round "7.10"]
[White "Alcala Gonzalez, Cesar"]
[Black "Ritter Aguilar, Jordi"]
[Result "0-1"]
[WhiteElo "1760"]
[BlackElo "1850"]
[PlyCount "46"]
[EventDate "2017.08.02"]
[EventType "swiss"]
[EventRounds "9"]
[EventCountry "ESP"]
[SourceTitle "Ajedrez en Madrid"]
[Source "lmi"]
[SourceDate "2017.08.02"]
[SourceVersion "1"]
[SourceVersionDate "2018.07.18"]
[SourceQuality "1"]

1. d4 e6 2. c4 c5 3. d5 exd5 4. cxd5 d6 5. Nc3 Ne7 6. e4 Ng6 7. Be2 Be7 8. Nf3
Bf6 9. Bd2 O-O 10. O-O a6 11. a4 Re8 12. Qc2 Nd7 13. Rab1 b6 14. b3 Rb8 15. b4
cxb4 16. Rxb4 Nc5 17. Nd4 Bxd4 18. Rxd4 Bd7 19. Rb4 Rc8 20. Qb1 Rb8 21. Re1 Qf6
22. f3 a5 23. Rc4 Ne5 0-1

[Event "43. Open Ciutat de Badalona 2017 - B"]
[Site "Badalona ESP"]
[Date "2017.08.09"]
[Round "8.1"]
[White "Ospina Ocampo, Camilo"]
[Black "Roa Ribera, Alvaro"]
[Result "1/2-1/2"]
[WhiteElo "1918"]
[BlackElo "1688"]
[PlyCount "41"]
[EventDate "2017.08.02"]
[EventType "swiss"]
[EventRounds "9"]
[EventCountry "ESP"]
[SourceTitle "Ajedrez en Madrid"]
[Source "lmi"]
[SourceDate "2017.08.02"]
[SourceVersion "1"]
[SourceVersionDate "2018.07.18"]
[SourceQuality "1"]

1. e4 e5 2. Nf3 Nc6 3. d4 exd4 4. Bc4 Bb4+ 5. c3 dxc3 6. O-O d6 7. bxc3 Bc5 8.
Nbd2 Nf6 9. Nb3 Bb6 10. a4 a5 11. Nbd4 Ne5 12. Nxe5 dxe5 13. Bb5+ Bd7 14. Nf5
Bxb5 15. Nxg7+ Kf8 16. Bh6 Qxd1 17. Nf5+ Ke8 18. Ng7+ Ke7 19. Nf5+ Ke6 20. Ng7+
Kd7 21. axb5 1/2-1/2

[Event "43. Open Ciutat de Badalona 2017 - B"]
[Site "Badalona ESP"]
[Date "2017.08.09"]
[Round "8.2"]
[White "Petit Montes, Marc"]
[Black "Walter Travella, German"]
[Result "0-1"]
[WhiteElo "1948"]
[BlackElo "1888"]
[PlyCount "144"]
[EventDate "2017.08.02"]
[EventType "swiss"]
[EventRounds "9"]
[EventCountry "ESP"]
[SourceTitle "Ajedrez en Madrid"]
[Source "lmi"]
[SourceDate "2017.08.02"]
[SourceVersion "1"]
[SourceVersionDate "2018.07.18"]
[SourceQuality "1"]

1. d4 Nf6 2. Bg5 Ne4 3. Bh4 g5 4. f3 gxh4 5. fxe4 e5 6. Nf3 exd4 7. Qxd4 Rg8 8.
Qe5+ Qe7 9. Qxc7 Nc6 10. Nc3 Bg7 11. e5 Nxe5 12. O-O-O Nxf3 13. exf3 Qe3+ 14.
Kb1 Bxc3 15. bxc3 Qb6+ 16. Qxb6 axb6 17. Bb5 Rxg2 18. Rd4 Rg5 19. a4 Kf8 20.
Rxh4 Kg7 21. Re1 Rc5 22. Re8 d5 23. Rd8 Rxc3 24. Kb2 Rxc2+ 25. Kb3 Rc7 26. Rd4
Ra5 27. Kb4 Be6 28. Rd3 Rc2 29. h4 d4 30. R3xd4 Rb2+ 31. Kc3 Rb3+ 32. Kd2 Rxf3
33. Rb8 Ra7 34. Ke2 Ra3 35. Rd3 Rxd3 36. Kxd3 Bb3 37. h5 Bd1 38. h6+ Kxh6 39.
Kd4 Bxa4 40. Bd3 Kg7 41. Be4 Bc6 42. Bxc6 bxc6 43. Rxb6 Rd7+ 44. Ke5 Rd5+ 45.
Ke4 f5+ 46. Kf4 Rc5 47. Rb7+ Kg6 48. Rb8 Rc4+ 49. Kf3 h6 50. Rg8+ Kf7 51. Rh8
Kg7 52. Rd8 c5 53. Rd6 h5 54. Kg3 Rd4 55. Rc6 c4 56. Kh3 h4 57. Ra6 c3 58. Rc6
Rd3+ 59. Kxh4 f4 60. Kg4 f3 61. Kg3 Kf7 62. Kf2 Ke7 63. Rc8 Kd7 64. Rc4 Kd6 65.
Rc8 Kd5 66. Rc7 Kd4 67. Rc8 Rd2+ 68. Kxf3 Kd3 69. Rd8+ Kc2 70. Ra8 Kb1 71. Ke3
Rb2 72. Kd3 c2 0-1

[Event "43. Open Ciutat de Badalona 2017 - B"]
[Site "Badalona ESP"]
[Date "2017.08.10"]
[Round "9.1"]
[White "Garcia Ruiz, Adrian"]
[Black "Ospina Ocampo, Camilo"]
[Result "1-0"]
[WhiteElo "1940"]
[BlackElo "1918"]
[PlyCount "64"]
[EventDate "2017.08.02"]
[EventType "swiss"]
[EventRounds "9"]
[EventCountry "ESP"]
[SourceTitle "Ajedrez en Madrid"]
[Source "lmi"]
[SourceDate "2017.08.02"]
[SourceVersion "1"]
[SourceVersionDate "2018.07.18"]
[SourceQuality "1"]

1. e4 e5 2. Nf3 Nc6 3. Bb5 Nf6 4. d3 Bc5 5. Bxc6 dxc6 6. Nbd2 Be6 7. Qe2 Nd7 8.
O-O Qe7 9. Nb3 Bb6 10. Ng5 h6 11. Nxe6 Qxe6 12. a4 a6 13. Bd2 g5 14. Na5 O-O-O
15. Nc4 g4 16. b4 Kb8 17. b5 cxb5 18. axb5 axb5 19. Nxb6 Nxb6 20. Be3 h5 21.
Rfb1 Qc6 22. Ra5 Na4 23. Qd2 b6 24. Raxb5 Nc3 25. Rxb6+ cxb6 26. Rxb6+ Qxb6 27.
Bxb6 Rc8 28. Ba5 Na2 29. c4 Rc6 30. Qxa2 Rhh6 31. Qb2+ Kc8 32. Qxe5 Rhe6 1-0

[Event "43. Open Ciutat de Badalona 2017 - B"]
[Site "Badalona ESP"]
[Date "2017.08.10"]
[Round "9.2"]
[White "Walter Travella, German"]
[Black "Roa Ribera, Alvaro"]
[Result "1/2-1/2"]
[WhiteElo "1888"]
[BlackElo "1688"]
[PlyCount "46"]
[EventDate "2017.08.02"]
[EventType "swiss"]
[EventRounds "9"]
[EventCountry "ESP"]
[SourceTitle "Ajedrez en Madrid"]
[Source "lmi"]
[SourceDate "2017.08.02"]
[SourceVersion "1"]
[SourceVersionDate "2018.07.18"]
[SourceQuality "1"]

1. d4 d5 2. Bg5 Nd7 3. Nc3 Ngf6 4. Qd3 g6 5. e4 dxe4 6. Nxe4 Bg7 7. O-O-O O-O
8. f3 Nd5 9. c4 Nb4 10. Qd2 c5 11. Nxc5 Nxa2+ 12. Kb1 Nxc5 13. dxc5 Nc3+ 14.
bxc3 Qa5 15. Kb2 Qb4+ 16. Kc2 Qa4+ 17. Kb2 Qb4+ 18. Kc2 Bf5+ 19. Bd3 Bc8 20.
Bf1 Bf5+ 21. Bd3 Rfd8 22. Kc1 Bc8 23. Bf1 Rf8 1/2-1/2

[Event "43. Open Ciutat de Badalona 2017 - B"]
[Site "Badalona ESP"]
[Date "2017.08.10"]
[Round "9.3"]
[White "Nadal Fajardo, Ricard"]
[Black "Millan Hernandez, Marc"]
[Result "1-0"]
[WhiteElo "1946"]
[BlackElo "1814"]
[PlyCount "93"]
[EventDate "2017.08.02"]
[EventType "swiss"]
[EventRounds "9"]
[EventCountry "ESP"]
[SourceTitle "Ajedrez en Madrid"]
[Source "lmi"]
[SourceDate "2017.08.02"]
[SourceVersion "1"]
[SourceVersionDate "2018.07.18"]
[SourceQuality "1"]

1. e4 e6 2. d4 d5 3. Nd2 Nf6 4. e5 Nfd7 5. Bd3 c5 6. c3 Nc6 7. Ne2 cxd4 8. cxd4
f6 9. exf6 Nxf6 10. Nf3 Bd6 11. O-O Qc7 12. Nc3 a6 13. Bg5 O-O 14. Rc1 Ng4 15.
h3 Nh2 16. Nxh2 Bxh2+ 17. Kh1 Bf4 18. Bxf4 Rxf4 19. Ne2 Rf6 20. Qc2 g6 21. Qd2
e5 22. dxe5 Qxe5 23. Nc3 Be6 24. Bc2 Qh5 25. Bd1 Qe5 26. Bb3 d4 27. Rfe1 dxc3
28. Rxc3 Qd4 29. Rxe6 Rxe6 30. Bxe6+ Kg7 31. Qxd4+ Nxd4 32. Rc7+ Kf6 33. Bd5 h5
34. Rxb7 Rd8 35. Bc4 Rd6 36. Ra7 Kg5 37. Rxa6 Rd7 38. Bd3 Nf5 39. Bxf5 gxf5 40.
g3 h4 41. Kg2 hxg3 42. Kxg3 f4+ 43. Kg2 Rd3 44. Rb6 Kh4 45. Rb4 Kg5 46. a4 Rd5
47. Rb5 1-0

[Event "43. Open Ciutat de Badalona 2017 - B"]
[Site "Badalona ESP"]
[Date "2017.08.10"]
[Round "9.4"]
[White "Torralba Brosa, Marc"]
[Black "Martin Villanova, Jordi"]
[Result "0-1"]
[WhiteElo "1839"]
[BlackElo "1901"]
[PlyCount "72"]
[EventDate "2017.08.02"]
[EventType "swiss"]
[EventRounds "9"]
[EventCountry "ESP"]
[SourceTitle "Ajedrez en Madrid"]
[Source "lmi"]
[SourceDate "2017.08.02"]
[SourceVersion "1"]
[SourceVersionDate "2018.07.18"]
[SourceQuality "1"]

1. e4 c5 2. Nf3 d6 3. d4 cxd4 4. Nxd4 Nf6 5. Nc3 a6 6. Be2 b5 7. a3 Bb7 8. f3
e6 9. Be3 Nbd7 10. Qd2 d5 11. exd5 Nxd5 12. Nxd5 Bxd5 13. O-O Bc5 14. b4 Ba7
15. a4 Ne5 16. axb5 Nc4 17. Bxc4 Bxc4 18. Rfd1 Bxb5 19. Nxb5 Qxd2 20. Nc7+ Ke7
21. Rxd2 Bxe3+ 22. Kf1 Bxd2 23. Nxa8 Rxa8 24. b5 a5 25. c4 Be3 26. Ke2 Bc5 27.
Rb1 Kd6 28. Rd1+ Kc7 29. Kd3 Rd8+ 30. Kc2 Rxd1 31. Kxd1 Bd4 32. Kc2 a4 33. Kb1
Kb6 34. Ka2 Ka5 35. Ka3 Bc5+ 36. Kb2 Kb4 0-1

[Event "43. Open Ciutat de Badalona 2017 - B"]
[Site "Badalona ESP"]
[Date "2017.08.10"]
[Round "9.5"]
[White "Comhaire, Cedric"]
[Black "Varela Cuadrado, Cesar"]
[Result "1-0"]
[WhiteElo "1830"]
[BlackElo "1783"]
[PlyCount "94"]
[EventDate "2017.08.02"]
[EventType "swiss"]
[EventRounds "9"]
[EventCountry "ESP"]
[SourceTitle "Ajedrez en Madrid"]
[Source "lmi"]
[SourceDate "2017.08.02"]
[SourceVersion "1"]
[SourceVersionDate "2018.07.18"]
[SourceQuality "1"]

1. e4 d5 2. exd5 Qxd5 3. d4 Nf6 4. c4 Qe4+ 5. Be3 e6 6. Qd2 Be7 7. a3 Qg6 8. f3
Nfd7 9. Nh3 e5 10. Nc3 c6 11. d5 Nc5 12. Bxc5 Bxc5 13. Bd3 f5 14. O-O-O O-O 15.
Rhe1 Qd6 16. dxc6 bxc6 17. b4 Bd4 18. c5 Qf6 19. Ne2 Be6 20. Nxd4 exd4 21. Bc2
d3 22. Qxd3 Bd5 23. Kb1 Qf7 24. Nf4 Ba2+ 25. Kb2 Bc4 26. Bb3 Bxb3 27. Qxb3
Qxb3+ 28. Kxb3 a5 29. Re7 axb4 30. axb4 Na6 31. Rdd7 Nxc5+ 32. bxc5 Rfb8+ 33.
Rb7 Rxb7+ 34. Rxb7 g5 35. Ne6 Re8 36. Nxg5 Re2 37. h4 h6 38. Nf7 Rxg2 39. Nxh6+
Kh8 40. Nxf5 Rg1 41. Nd6 Rf1 42. Rf7 Rh1 43. Kb4 Rxh4+ 44. Ka5 Kg8 45. Kb6 Rb4+
46. Kxc6 Rb1 47. Kd7 Rd1 1-0

[Event "43. Open Ciutat de Badalona 2017 - B"]
[Site "Badalona ESP"]
[Date "2017.08.10"]
[Round "9.6"]
[White "Arroyo Mateo, Jose Miguel"]
[Black "Petit Montes, Marc"]
[Result "1/2-1/2"]
[WhiteElo "1802"]
[BlackElo "1948"]
[PlyCount "23"]
[EventDate "2017.08.02"]
[EventType "swiss"]
[EventRounds "9"]
[EventCountry "ESP"]
[SourceTitle "Ajedrez en Madrid"]
[Source "lmi"]
[SourceDate "2017.08.02"]
[SourceVersion "1"]
[SourceVersionDate "2018.07.18"]
[SourceQuality "1"]

1. e4 c6 2. d4 d5 3. e5 Bf5 4. h4 h5 5. Bg5 Qb6 6. Bd3 Qxb2 7. Bxf5 Qxa1 8. e6
fxe6 9. Bg6+ Kd8 10. Nf3 Nd7 11. O-O Ngf6 12. Qe2 1/2-1/2

[Event "43. Open Ciutat de Badalona 2017 - B"]
[Site "Badalona ESP"]
[Date "2017.08.10"]
[Round "9.7"]
[White "Ferres Saez, Joan"]
[Black "Ritter Aguilar, Jordi"]
[Result "1/2-1/2"]
[WhiteElo "1773"]
[BlackElo "1850"]
[PlyCount "53"]
[EventDate "2017.08.02"]
[EventType "swiss"]
[EventRounds "9"]
[EventCountry "ESP"]
[SourceTitle "Ajedrez en Madrid"]
[Source "lmi"]
[SourceDate "2017.08.02"]
[SourceVersion "1"]
[SourceVersionDate "2018.07.18"]
[SourceQuality "1"]

1. Nf3 d5 2. c4 e6 3. b3 Nf6 4. Bb2 Bd6 5. g3 O-O 6. Bg2 Nbd7 7. O-O c6 8. d4
Ne4 9. Nc3 f5 10. Rc1 Ndf6 11. cxd5 exd5 12. Ne5 Nxc3 13. Bxc3 Ne4 14. Bb2 f4
15. Bxe4 dxe4 16. d5 c5 17. b4 Qg5 18. Nc4 f3 19. exf3 exf3 20. Ne3 cxb4 21.
Rc4 Bd7 22. Qc2 Rac8 23. Rxc8 Rxc8 24. Qe4 Rf8 25. Rc1 b6 26. Bd4 Bf5 27. Qxf3
1/2-1/2

[Event "43. Open Ciutat de Badalona 2017 - B"]
[Site "Badalona ESP"]
[Date "2017.08.10"]
[Round "9.8"]
[White "Lopez Gallego, Miguel Angel"]
[Black "Van Puyvelde, Stijn"]
[Result "1/2-1/2"]
[WhiteElo "1819"]
[BlackElo "1791"]
[PlyCount "51"]
[EventDate "2017.08.02"]
[EventType "swiss"]
[EventRounds "9"]
[EventCountry "ESP"]
[SourceTitle "Ajedrez en Madrid"]
[Source "lmi"]
[SourceDate "2017.08.02"]
[SourceVersion "1"]
[SourceVersionDate "2018.07.18"]
[SourceQuality "1"]

1. d4 Nf6 2. c4 g6 3. Nf3 Bg7 4. g3 O-O 5. Bg2 d6 6. O-O c6 7. Nc3 Qa5 8. Re1
e5 9. e4 Rd8 10. d5 c5 11. Bd2 Ne8 12. Ng5 h6 13. Nh3 Qc7 14. f4 Kh7 15. Rf1 f5
16. Kh1 Qe7 17. Qe2 Nf6 18. Rae1 fxe4 19. fxe5 Qxe5 20. Bf4 Qh5 21. Nf2 Qxe2
22. Rxe2 g5 23. Bc1 Nbd7 24. Nfxe4 Nxe4 25. Nxe4 Ne5 26. b3 1/2-1/2

[Event "43. Open Ciutat de Badalona 2017 - B"]
[Site "Badalona ESP"]
[Date "2017.08.10"]
[Round "9.9"]
[White "Prats Cabaces, Lluis"]
[Black "Ramon Herraez, Alex"]
[Result "1-0"]
[WhiteElo "1914"]
[BlackElo "1758"]
[PlyCount "71"]
[EventDate "2017.08.02"]
[EventType "swiss"]
[EventRounds "9"]
[EventCountry "ESP"]
[SourceTitle "Ajedrez en Madrid"]
[Source "lmi"]
[SourceDate "2017.08.02"]
[SourceVersion "1"]
[SourceVersionDate "2018.07.18"]
[SourceQuality "1"]

1. e4 d5 2. exd5 Qxd5 3. Nc3 Qd6 4. Bc4 Nf6 5. d3 a6 6. Nge2 b5 7. Bb3 Bb7 8.
f3 e6 9. Bf4 Qb6 10. Qd2 Be7 11. Ng3 c5 12. a4 b4 13. Nce4 Nxe4 14. fxe4 Nd7
15. a5 Qc6 16. O-O Qc8 17. Qf2 Nf6 18. e5 Nd5 19. Nh5 g6 20. Bxd5 Bxd5 21. Nf6+
Bxf6 22. exf6 Qc6 23. c4 bxc3 24. bxc3 c4 25. d4 g5 26. Bg3 h5 27. Rab1 h4 28.
Be5 Be4 29. Rb6 Qc8 30. Qb2 g4 31. Qb4 Qd7 32. Rf4 Bd5 33. Rxg4 h3 34. gxh3 Bf3
35. Rg3 Bd5 36. h4 1-0

[Event "43. Open Ciutat de Badalona 2017 - B"]
[Site "Badalona ESP"]
[Date "2017.08.10"]
[Round "9.10"]
[White "Tortosa Moros, Joan"]
[Black "Alonso Gomez, Raul"]
[Result "0-1"]
[WhiteElo "1781"]
[BlackElo "1938"]
[PlyCount "102"]
[EventDate "2017.08.02"]
[EventType "swiss"]
[EventRounds "9"]
[EventCountry "ESP"]
[SourceTitle "Ajedrez en Madrid"]
[Source "lmi"]
[SourceDate "2017.08.02"]
[SourceVersion "1"]
[SourceVersionDate "2018.07.18"]
[SourceQuality "1"]

1. e4 c5 2. Nf3 Nc6 3. d4 cxd4 4. Nxd4 e5 5. Nb5 d6 6. N1c3 a6 7. Na3 Be7 8.
Nd5 Be6 9. c4 Nf6 10. Bd3 O-O 11. O-O Rb8 12. Nc2 b5 13. Nxf6+ Bxf6 14. cxb5
axb5 15. Qe2 Qb6 16. Be3 Qb7 17. Qd2 Rfd8 18. Bg5 Bxg5 19. Qxg5 Qe7 20. Qg3 Qa7
21. b3 Qb6 22. h4 b4 23. Ne3 Nd4 24. Nf5 Bxf5 25. exf5 f6 26. h5 e4 27. h6 Qa7
28. Ba6 Nxf5 29. Qg4 Nxh6 30. Qe6+ Kh8 31. Bc4 f5 32. Rfd1 Qc5 33. Rd5 Qa7 34.
Rxd6 Rxd6 35. Qxd6 Ng4 36. Qg3 Qb6 37. Rd1 Re8 38. Rd6 Qa7 39. Qh4 Qc7 40. Qh5
Rf8 41. Re6 Qc5 42. Qh4 Qd4 43. Rg6 Nxf2 44. Kh2 Ng4+ 45. Rxg4 fxg4 46. Qxg4
Qe5+ 47. Kh3 Qf5 48. Kg3 Qxg4+ 49. Kxg4 e3 50. Be2 Rf2 51. Bf3 e2 0-1